Fruits in estonian. - Statistics

General Stats
  • This quiz has been taken 175 times
  • The average score is 7 of 12
Answer Stats
Picture Answer % Correct
banaan
91%
õun
91%
kiivi
82%
maasikas
78%
avokaado
74%
apelsin
63%
ananass
48%
viinamarjad
45%
aprikoos
44%
melon
35%
pirnid
32%
sidrunid
30%
No matching quizzes found
Score Distribution
Percent of People with Each Score
Percentile by Number Answered
Your Score History
You have not taken this quiz